• 首页
  • 本馆介绍
  • 公告通知
  • 最新文献
  • 馆藏检索
  • 电子资源
  • 读者导购
  • 参考咨询
  • 我的图书馆
  • 登录
  • 详细信息显示
  • 放入我的书架
  • 预约/预借图书
  • 作者相关作品
  • 分类相关作品
  • 丛书相关作品
  • 出版社相关作品

书目信息

  • 表格格式
  • 工作单格式
  • 卡片格式
题名:
九一八事变与近代中日关系
    
 
作者: ;中国社科院 编
分册:  
出版信息: 北京   社会科学文献出版社  2004
页数: 694页
开本: 22cm
丛书名: 中国社会科学院中日历史研究中心文库
单 册:
中图分类: K264.207-53
科图分类:
主题词: 九·一八事变(1931)--国际学术会议--文集
电子资源:
ISBN: 7-80190-160-6
000 01555nam0 2200337 450
000 01518nam0 2200325 450
000 01517nam0 2200337 450
000 01463nam0 2200313 450
000 01459nam0 2200301 450
000 01422nam0 2200289 45
001 TS2006011098
005 20061207152529.51
010    @a7-80190-160-6@dCNY50.00
100    @a20060829d2004 kemy0chiy0110 ea
101 0  @achi
102    @aCN@b110000
105    @ay z 000yy
200 1  @a九一八事变与近代中日关系@AJiu Yi Ba Shi Bian Yu Jin Dai Zhong Ri Guan Xi@e九一八事变70周年国际学术讨论会论文集@EJiu Yi Ba Shi Bian 70 Zhou Nian Guo Ji Xue Shu Tao Lun Hui Lun Wen Ji@f中国社会科学院中日历史研究中心编@FZhong Guo She Hui Ke Xue Yuan Zhong Ri Li Shi Yan Jiu Zhong Xin Bian
210    @a北京@c社会科学文献出版社@d2004
215    @a694页@d22cm
225 2  @a中国社会科学院中日历史研究中心文库
330    @a本书围绕“九一八事变与近代中日关系”,收录了近40篇论文。即《20世纪30年代日本右翼运动剖析》、《两战期间日本法西斯主义及其对外扩张理论》等。
410  0 @12001 @a中国社会科学院中日历史研究中心文库
517 1  @a九一八事变70周年国际学术讨论会论文集@AJiu Yi Ba Shi Bian 70 Zhou Nian Guo Ji Xue Shu Tao Lun Hui Lun Wen Ji
606 0  @a九·一八事变(1931)@x国际学术会议@x文集
690    @aK264.207-53@v4
711 02 @a中国社科院@AZhong Guo She Ke Yuan@b中日历史研究中心@4编
801  0 @aCN@b中图数据@c20061207
905    @a10447@dK264.207-53@e49
    
    九一八事变与近代中日关系:九一八事变70周年国际学术讨论会论文集/中国社会科学院中日历史研究中心编.-北京:社会科学文献出版社,2004
    694页;22cm.-(中国社会科学院中日历史研究中心文库)
    
    
    ISBN 7-80190-160-6:CNY50.00
    本书围绕“九一八事变与近代中日关系”,收录了近40篇论文。即《20世纪30年代日本右翼运动剖析》、《两战期间日本法西斯主义及其对外扩张理论》等。
●
相关链接 在E读中查询图书 在五车中查询图书 在当当中查询图书 在豆瓣中查询图书


正题名:九一八事变与近代中日关系     索取号:K264.207-53/49         预约/预借

序号 登录号 条形码 馆藏地/架位号 状态 备注
1 0617184   206171845   第二样本阅览室/ [索取号:K264.207-53/49] 在馆    
2 0617185   206171854   第二借阅区/ [索取号:K264.207-53/49] 在馆    
3 0617186   206171863   第二借阅区/ [索取号:K264.207-53/49] 在馆    
唐山师范学院图书馆 欢迎您!
大连网信软件有限公司© 版权所有